LIBRARY & INFORMATION CENTRE, KCAET, TAVANUR

ONLINE PUBLIC ACCESS CATALOGUE (OPAC)

Elements of Agricultural Engineering [Farm Power, Farm Machinery, Farm Processig, Farm Electricity] (Record no. 19026)

MARC details
000 -LEADER
fixed length control field 00440nam a22001457a 4500
003 - CONTROL NUMBER IDENTIFIER
control field OSt
008 - FIXED-LENGTH DATA ELEMENTS--GENERAL INFORMATION
fixed length control field 250114b |||||||| |||| 00| 0 eng d
041 ## - LANGUAGE CODE
Language code of text/sound track or separate title eng
100 ## - MAIN ENTRY--AUTHOR NAME
Personal name Sahay, Jagadishwar
245 ## - TITLE STATEMENT
Title Elements of Agricultural Engineering [Farm Power, Farm Machinery, Farm Processig, Farm Electricity]
250 ## - EDITION STATEMENT
Edition statement 4th Reprint
260 ## - PUBLICATION, DISTRIBUTION, ETC. (IMPRINT)
Place of publication Delhi:
Name of publisher Standard Publishers and Distributors,
Year of publication 2010.
300 ## - PHYSICAL DESCRIPTION
Number of Pages 461p.
942 ## - ADDED ENTRY ELEMENTS (KOHA)
Koha item type Books
Holdings
Withdrawn status Lost status Damaged status Home library Current library Date acquired Source of acquisition Cost, normal purchase price Accession Number Koha item type Public note
Withdrawn     KAUAET KAUAET 14/01/2025 Standard Book House, Thrissur. 150.00 15249 Books  
Withdrawn     KAUAET KAUAET 14/01/2025 Standard Book House, Thrissur. 150.00 15250 Books  
Withdrawn     KAUAET KAUAET 14/01/2025 Standard Book House, Thrissur. 150.00 15251 Books  
      KAUAET KAUAET 14/01/2025 Standard Book House, Thrissur. 150.00 15252 Books  
      KAUAET KAUAET 14/01/2025 Standard Book House, Thrissur. 150.00 15253 Books  
      KAUAET KAUAET 14/01/2025 Standard Book House, Thrissur. 150.00 15254 Books  
      KAUAET KAUAET 14/01/2025 Standard Book House, Thrissur. 150.00 15255 Books  
Withdrawn     KAUAET KAUAET 14/01/2025 Standard Book House, Thrissur. 150.00 15258 Books  
      KAUAET KAUAET 14/01/2025 Standard Book House, Thrissur. 150.00 15259 Books  
Withdrawn     KAUAET KAUAET 14/01/2025 Standard Book House, Thrissur. 150.00 15260 Books  
Withdrawn     KAUAET KAUAET 14/01/2025 Standard Book House, Thrissur. 150.00 15261 Books Withdrawn as per order no B3-237/86
Withdrawn     KAUAET KAUAET 14/01/2025 Standard Book House, Thrissur. 150.00 15263 Books  
Withdrawn     KAUAET KAUAET 14/01/2025 Standard Book House, Thrissur. 150.00 15264 Books Withdrawn as per order no C3-2192/91 dated 07/09/91
Withdrawn     KAUAET KAUAET 14/01/2025 Standard Book House, Thrissur. 150.00 15265 Books  
Withdrawn     KAUAET KAUAET 14/01/2025 Standard Book House, Thrissur. 150.00 15268 Books  
Withdrawn     KAUAET KAUAET 14/01/2025 Standard Book House, Thrissur. 150.00 15270 Books  
free website counter